000 00275nam a2200109Ia 4500
008 201217s9999 xx 000 0 und d
100 _aVerma, Pramod
245 0 _aLabour Economics & Industrial relations
260 _aNew Delhi
_bTata McGraw-Hill
300 _a443
942 _cBK
999 _c7907
_d7907